[Event "GABIJ "]
[Site "SchemingMind.com"]
[Date "2024.01.07"]
[Round "-"]
[White "Martin E. Hardwick"]
[Black "JAHI"]
[Result "0-1"]
[WhiteCountry "ENG"]
[BlackCountry "INT"]
[WhiteElo "1137"]
[WhiteRD "73"]
[BlackElo "2164"]
[BlackRD "84"]
[GameID "741191"]

1. e4 d6 2. h3 e6 3. d4 e5 4. Nf3 Nc6 5. d5 Nce7 6. Bb5+ Bd7 7. Bxd7+ Qxd7 8. O-O g6 9. Bg5 Bh6 10. Bxh6 Nxh6
11. Nbd2 f6 12. Nh4 Kf8 13. Nb3 Kg7 14. Nf5+ gxf5 15. Qf3 Rag8 16. Qg3+ Kf8 17. Qh4 Rg6 18. Qh5 fxe4 19. Qe2 Qxh3 20. Rfd1 Qxg2#
0-1

[Event "GABIJ "]
[Site "SchemingMind.com"]
[Date "2024.01.08"]
[Round "-"]
[White "JAHI"]
[Black "Martin E. Hardwick"]
[Result "1-0"]
[WhiteCountry "INT"]
[BlackCountry "ENG"]
[WhiteElo "2204"]
[WhiteRD "80"]
[BlackElo "1131"]
[BlackRD "75"]
[GameID "741192"]

1. c3 Nc6 2. c4 Nf6 3. Nc3 e6 4. d3 Bb4 5. a3 Bxc3+ 6. bxc3 d5 7. cxd5 Qxd5 8. e3 Qc5 9. c4 Qa5+ 10. Bd2 Qe5
11. Nf3 Qh5 12. Be2 e5 13. d4 Bg4 14. d5 Nd8 15. Ng1 Bxe2 16. Qxe2 Qg5 17. Nf3 Qxg2 18. Rg1 Qh3 19. Rxg7 Rg8 20. Rxg8+ Nxg8
21. Nxe5 Qf5 22. Bc3 f6 23. e4 Qg5 24. Nf3 Qg7 25. e5 Qg2 26. exf6+ Kd7 27. Kd2 Kc8 28. f7 Nxf7 29. Qe6+ Kd8 30. Re1 Qxf3
31. Qe8#
1-0

[Event "GABIJ "]
[Site "SchemingMind.com"]
[Date "2024.01.07"]
[Round "-"]
[White "Martin E. Hardwick"]
[Black "eliecercruzr"]
[Result "0-1"]
[WhiteCountry "ENG"]
[BlackCountry "CUB"]
[WhiteElo "1054"]
[WhiteRD "79"]
[BlackElo "2292"]
[BlackRD "59"]
[GameID "741193"]

1. e4 e5 2. Nf3 Nc6 3. Bc4 Nf6 4. Nc3 Bc5 5. d3 O-O 6. O-O h6 7. Bd2 d6 8. Qc1 Bg4 9. Bxh6 Bxf3 10. gxf3 gxh6
11. Qxh6 Nh7 12. Nd5 Qg5+ 13. Qxg5+ Nxg5 14. Nf6+ Kg7 15. Ng4 Nd4 16. Ne3 Ndxf3+ 17. Kg2 Rh8 18. Ng4 Rh4 19. h3 Rxh3 20. Rh1 Nh4+
21. Kg1 Ngf3+ 22. Kf1 Rxh1+
0-1

[Event "GABIJ "]
[Site "SchemingMind.com"]
[Date "2024.01.07"]
[Round "-"]
[White "eliecercruzr"]
[Black "Martin E. Hardwick"]
[Result "1-0"]
[WhiteCountry "CUB"]
[BlackCountry "ENG"]
[WhiteElo "2309"]
[WhiteRD "60"]
[BlackElo "1137"]
[BlackRD "73"]
[GameID "741194"]

1. e4 e5 2. Nf3 Nc6 3. Bc4 Bc5 4. d3 Nf6 5. c3 d6 6. O-O Bg4 7. h3 Be6 8. Bxe6 fxe6 9. b4 Bb6 10. a4 a6
11. Nbd2 Ba7 12. Nc4 d5 13. Ncxe5 Nxe5 14. Nxe5 O-O 15. exd5 Qxd5 16. Qe2 Rfd8 17. Bb2 c6 18. c4 Qd6 19. Rab1 Qc7 20. Nf3 Bd4
21. Bxd4 c5 22. Qxe6+ Kh8 23. bxc5 Re8 24. Qb6 Qc8 25. Bxf6 gxf6 26. Qxf6+ Kg8 27. Ne5 Rxe5 28. Qxe5 Qd8 29. Rxb7 Qf8 30. Rfb1 Re8
31. Qd5+ Kh8 32. Qd7 Re2 33. Qxh7#
1-0

[Event "GABIJ "]
[Site "SchemingMind.com"]
[Date "2024.01.11"]
[Round "-"]
[White "MazetaFighter"]
[Black "Phillip Beckett"]
[Result "1-0"]
[WhiteCountry "GRE"]
[BlackCountry "ENG"]
[WhiteElo "2141"]
[WhiteRD "84"]
[BlackElo "1499"]
[BlackRD "52"]
[GameID "741195"]

1. e4 e5 2. Nf3 Nc6 3. d4 exd4 4. Nxd4 Bc5 5. Be3 Qf6 6. c3 Nge7 7. Bc4 Nxd4 8. cxd4 Bb4+ 9. Nc3 c6 10. O-O O-O
11. e5 Qg6 12. Bd3 f5 13. Qb3+ Kh8 14. Qxb4 Nd5 15. Qxf8#
1-0

[Event "GABIJ "]
[Site "SchemingMind.com"]
[Date "2024.01.06"]
[Round "-"]
[White "Phillip Beckett"]
[Black "MazetaFighter"]
[Result "0-1"]
[WhiteCountry "ENG"]
[BlackCountry "GRE"]
[WhiteElo "1461"]
[WhiteRD "52"]
[BlackElo "2147"]
[BlackRD "76"]
[GameID "741196"]

1. d4 Nf6 2. e3 e6 3. Bd3 d5 4. Nd2 c5 5. c3 Nc6 6. f4 Qc7 7. Ngf3 cxd4 8. cxd4 Nb4 9. Bb1 Bd7 10. a3 Rc8
11. O-O Nc2 12. Qxc2 Qxc2 13. Bxc2 Rxc2 14. Ne1 Rc8 15. Nef3 Bd6 16. Nb3 Bb5 17. Re1 Ke7 18. Ne5 Ne4 19. Nd2 Bxe5 20. Nxe4 dxe4
21. fxe5 Rc2 22. a4 Bd3 23. b4 Kd7 24. Ba3 Rhc8 25. Rac1 R8c3 26. Rxc2 Bxc2 27. Bb2 Rb3 28. Bc1 Rxb4 29. a5 Kc6 30. Ba3 Rb1
31. Rxb1 Bxb1 32. Kf2 Kb5 33. Ke2 Kxa5 34. Kd2 b5 35. Kc3 Ka4 36. Kb2 Bd3 37. Bc5 a5 38. Ka2 b4 39. Kb2 Kb5 40. Bf8 a4
41. Bxg7 a3+ 42. Ka1 b3 43. Bf8 b2+ 44. Ka2 b1=Q+
0-1

[Event "GABIJ "]
[Site "SchemingMind.com"]
[Date "2024.01.11"]
[Round "-"]
[White "MazetaFighter"]
[Black "JimM"]
[Result "*"]
[WhiteCountry "GRE"]
[BlackCountry "USA"]
[WhiteElo "2134"]
[WhiteRD "77"]
[BlackElo "1702"]
[BlackRD "100"]
[GameID "741197"]

1. e4 c5 2. Nf3 d6 3. d4 cxd4 4. Nxd4 Nf6 5. Nc3 a6 6. Bc4 e6 7. Bb3 b5 8. Qf3 Bb7 9. O-O Nbd7 10. Re1 Be7
11. Qg3 O-O 12. Bxe6 fxe6 13. Nxe6 Nh5 14. Nxd8 Nxg3 15. Nxb7 Nh5 16. Nd5 Bh4 17. g3 Bf6 18. Nxd6 Be5 19. Nf5 Nhf6 20. Nxf6+ Nxf6
21. f4 Bc7
*

[Event "GABIJ "]
[Site "SchemingMind.com"]
[Date "2024.01.06"]
[Round "-"]
[White "JimM"]
[Black "MazetaFighter"]
[Result "*"]
[WhiteCountry "USA"]
[BlackCountry "GRE"]
[WhiteElo "1702"]
[WhiteRD "100"]
[BlackElo "2134"]
[BlackRD "77"]
[GameID "741198"]

1. e4 e5 2. Nf3 Nc6 3. Bb5 a6 4. Ba4 Nf6 5. O-O Be7 6. Re1 b5 7. Bb3 d6 8. c3 O-O 9. h3 Na5 10. Bc2 c5
11. d4 Qc7 12. Nbd2 Bd7 13. Nf1 Nc4 14. b3 Nb6 15. Ne3 c4 16. Bb2 Rfe8 17. Nf5 Bxf5 18. exf5 Bf8 19. Re2 e4 20. Nh2 d5
21. Nf1 Bd6 22. Ne3
*

[Event "GABIJ "]
[Site "SchemingMind.com"]
[Date "2024.01.07"]
[Round "-"]
[White "MazetaFighter"]
[Black "JAHI"]
[Result "0-1"]
[WhiteCountry "GRE"]
[BlackCountry "INT"]
[WhiteElo "2134"]
[WhiteRD "77"]
[BlackElo "2204"]
[BlackRD "80"]
[GameID "741199"]

1. e4 d6 2. d4 e6 3. c4 e5 4. dxe5 dxe5 5. Qxd8+ Kxd8 6. Nc3 Bb4 7. Bg5+ f6 8. O-O-O+ Bd7 9. Bd2 Kc8 10. Nd5 Bxd2+
11. Rxd2 c6 12. Ne3 Na6 13. Ne2 Nh6 14. Nc3 Kc7 15. Be2 Rad8 16. Rhd1 b6 17. Nc2= Nc5 18. b4 Ne6 19. g3 Nf7 20. a4 Bc8
21. Rxd8= Rxd8 22. Rxd8 Kxd8 23. Kd2 a6 24. Ke3 a5 25. b5= Kc7 26. f4 Nd6 27. h3 Nc5 28. Na3 Bxh3 29. fxe5 fxe5 30. g4 Bg2
31. Bf3 Bf1
0-1

[Event "GABIJ "]
[Site "SchemingMind.com"]
[Date "2024.01.07"]
[Round "-"]
[White "JAHI"]
[Black "MazetaFighter"]
[Result "1/2-1/2"]
[WhiteCountry "INT"]
[BlackCountry "GRE"]
[WhiteElo "2164"]
[WhiteRD "84"]
[BlackElo "2147"]
[BlackRD "76"]
[GameID "741200"]

1. c3 e5 2. c4 Nf6 3. Nc3 Bc5 4. d3 d5 5. a3 c6 6. h3 dxc4 7. dxc4 Qxd1+ 8. Nxd1 Be6 9. Be3 Nbd7 10. Rc1 Ne4
11. Nf3 O-O 12. g3 Bxe3 13. Nxe3 a5 14. g4 a4 15. h4 Ndc5 16. Nxe5 Rad8=
1/2-1/2

[Event "GABIJ "]
[Site "SchemingMind.com"]
[Date "2024.01.08"]
[Round "-"]
[White "MazetaFighter"]
[Black "eliecercruzr"]
[Result "0-1"]
[WhiteCountry "GRE"]
[BlackCountry "CUB"]
[WhiteElo "2134"]
[WhiteRD "77"]
[BlackElo "2313"]
[BlackRD "60"]
[GameID "741201"]

1. e4 c5 2. Nf3 Nc6 3. Bb5 d6 4. O-O Bd7 5. c3 a6 6. Ba4 Nf6 7. Re1 b5 8. Bc2 e5 9. h3 Rc8 10. d3 Be7
11. Nbd2 O-O 12. Nf1 h6 13. Ng3 Re8 14. Bd2 Bf8 15. Bb3 Na5 16. Bc2 Qc7 17. Rc1 Nc6 18. Bb3 Ne7 19. c4 Rb8 20. cxb5 axb5
21. Bc3 b4 22. Bd2 Nc6 23. Be3 Na5 24. Ba4 Bxa4 25. Qxa4 Nc6 26. Nf5 Ra8 27. Qb3 Qd7 28. Nd2 Qe6 29. Ra1 Ra6 30. Nc4 Rea8
31. a3 Na5 32. Nxa5 Rxa5 33. Qxe6 fxe6 34. Nh4 bxa3 35. Rxa3 Rxa3 36. bxa3 Rxa3 37. Rd1 d5 38. Nf3 Bd6 39. Kf1 Kf7 40. Ke2 c4
41. dxc4 Nxe4 42. Rc1 Ra2+ 43. Kd3 Nxf2+
0-1

[Event "GABIJ "]
[Site "SchemingMind.com"]
[Date "2024.01.06"]
[Round "-"]
[White "eliecercruzr"]
[Black "MazetaFighter"]
[Result "1-0"]
[WhiteCountry "CUB"]
[BlackCountry "GRE"]
[WhiteElo "2313"]
[WhiteRD "60"]
[BlackElo "2134"]
[BlackRD "77"]
[GameID "741202"]

1. e4 e5 2. Nf3 Nc6 3. Bc4 Bc5 4. c3 Nf6 5. d3 d6 6. O-O a6 7. b4 Ba7 8. Bb3 h6 9. Nbd2 O-O 10. a4 Be6
11. Re1 Re8 12. Bxe6 Rxe6 13. Qc2 d5 14. h3 d4 15. Bb2 dxc3 16. Bxc3 Bd4 17. Bxd4 Nxd4 18. Nxd4 Qxd4 19. Qxc7 Qxb4 20. Red1 Qb6
21. Qxb6 Rxb6 22. Nc4 Re6 23. Kf1 Kf8 24. Rab1 Rd8 25. Ke2 Re7 26. Rdc1 Ne8 27. Rb6 f6 28. Rc3 Rc7 29. Rcb3 Rdd7 30. h4 h5
31. g3 Ke7 32. f4 exf4 33. gxf4 g6 34. a5 Ng7 35. Ne3 Kf7 36. Nd5
1-0

[Event "GABIJ "]
[Site "SchemingMind.com"]
[Date "2024.01.06"]
[Round "-"]
[White "Phillip Beckett"]
[Black "JimM"]
[Result "1-0"]
[WhiteCountry "ENG"]
[BlackCountry "USA"]
[WhiteElo "1484"]
[WhiteRD "54"]
[BlackElo "1702"]
[BlackRD "100"]
[GameID "741203"]

1. e4 c5 2. Nf3 a6 3. d4 cxd4 4. Nxd4 d6 5. Nc3 Nf6 6. Bg5 e6 7. f4 Be7 8. Qf3 h6 9. Bh4 Qc7 10. O-O-O Nbd7
11. g4 b5 12. g5 hxg5 13. fxg5 Rxh4 14. gxf6 Nxf6 15. Bh3 Bb7 16. Qg3 Rh6 17. Bg2 Kd7 18. Rhe1 Rah8 19. Qxg7 Rxh2 20. e5 Bxg2
21. exd6 Bxd6 22. Qxf6 Rf8 23. Ndxb5 axb5 24. Nxb5 Qb8 25. Rxd6+ Ke8 26. Rexe6+ fxe6 27. Qxe6#
1-0

[Event "GABIJ "]
[Site "SchemingMind.com"]
[Date "2024.01.06"]
[Round "-"]
[White "JimM"]
[Black "Phillip Beckett"]
[Result "1-0"]
[WhiteCountry "USA"]
[BlackCountry "ENG"]
[WhiteElo "1702"]
[WhiteRD "100"]
[BlackElo "1484"]
[BlackRD "54"]
[GameID "741204"]

1. c4 e5 2. Nc3 Nf6 3. Nf3 Nc6 4. g3 d5 5. cxd5 Nxd5 6. Bg2 Be6 7. O-O f6 8. d4 exd4 9. Nxd4 Nxd4 10. Qxd4 Nxc3
11. Qxc3 c6 12. Be3 Bd6 13. Rfd1 O-O 14. Bc5 Be5 15. Rxd8 Bxc3 16. Rxf8+ Rxf8 17. Bxf8 Bxb2 18. Rb1
1-0

[Event "GABIJ "]
[Site "SchemingMind.com"]
[Date "2024.01.07"]
[Round "-"]
[White "Phillip Beckett"]
[Black "JAHI"]
[Result "0-1"]
[WhiteCountry "ENG"]
[BlackCountry "INT"]
[WhiteElo "1484"]
[WhiteRD "54"]
[BlackElo "2204"]
[BlackRD "80"]
[GameID "741205"]

1. d4 d6 2. e3 d5 3. Bd3 g6 4. Nd2 Bf5 5. Bxf5 gxf5 6. Ngf3 Nf6 7. O-O Rg8 8. c4 c6 9. cxd5 Qxd5 10. Qb3 Qxb3
11. Nxb3 e6 12. Ne5 Nbd7 13. Nxd7 Nxd7 14. Bd2 Bd6 15. Rac1 h6 16. g3 h5 17. Nc5 Nxc5 18. dxc5 Bc7 19. Bc3 Ke7 20. f4 b6
21. cxb6 axb6 22. a3 c5 23. Rcd1 Rgd8 24. Kf2 Rd5 25. Rxd5 exd5 26. Rd1 Ke6 27. Kf3 b5 28. h3 Rg8 29. Rg1 Bb6 30. g4 hxg4+
31. hxg4 fxg4+ 32. Rxg4 Rxg4 33. Kxg4 d4 34. exd4 cxd4 35. Bd2 Kd5 36. Kf5 Bc5 37. Kf6 Ke4 38. Kxf7 d3 39. Ke6 Be3 40. Bc3 Bd4
41. Bd2 Bxb2 42. Kd6 Bxa3+ 43. Kc6 b4 44. Kb5 b3 45. Ka4 b2
0-1

[Event "GABIJ "]
[Site "SchemingMind.com"]
[Date "2024.01.07"]
[Round "-"]
[White "JAHI"]
[Black "Phillip Beckett"]
[Result "1-0"]
[WhiteCountry "INT"]
[BlackCountry "ENG"]
[WhiteElo "2204"]
[WhiteRD "80"]
[BlackElo "1484"]
[BlackRD "54"]
[GameID "741206"]

1. c3 d5 2. d3 e5 3. d4 exd4 4. cxd4 Nf6 5. Bg5 Be7 6. g3 h6 7. Bxf6 Bxf6 8. Bh3 O-O 9. Bxc8 Qxc8 10. Nc3 c6
11. Kf1 Nd7 12. Kg2 Re8 13. Rc1 Be7 14. Nxd5 Nf6 15. Nxe7+ Rxe7 16. e3 Qg4 17. Qxg4 Nxg4 18. h3 Nf6 19. Ne2 Ne4 20. f3 Nf6
21. e4 Nd5 22. Kf2 Nb4 23. Rc4 Na6 24. a3 Rd8 25. b3 Nc7 26. g4 Ne6 27. Rd1 Red7 28. a4 Nf8 29. b4 Ne6 30. b5 cxb5
31. axb5 b6 32. d5 Nc5 33. Nd4 Nb7 34. Ra4 Nc5 35. Ra3 Re8 36. h4 Rd6 37. Rxa7 Rf6 38. Nf5 Kh7 39. g5 hxg5 40. hxg5 Rg6
41. Rh1+ Kg8 42. Ne7+ Kf8 43. Rh8#
1-0

[Event "GABIJ "]
[Site "SchemingMind.com"]
[Date "2024.01.06"]
[Round "-"]
[White "Phillip Beckett"]
[Black "eliecercruzr"]
[Result "0-1"]
[WhiteCountry "ENG"]
[BlackCountry "CUB"]
[WhiteElo "1499"]
[WhiteRD "52"]
[BlackElo "2292"]
[BlackRD "59"]
[GameID "741207"]

1. e4 c5 2. Nf3 d6 3. d4 cxd4 4. Nxd4 Nf6 5. Nc3 a6 6. Bg5 e6 7. f4 Qb6 8. Nb3 Be7 9. Qf3 Qc7 10. O-O-O Nbd7
11. Bd3 b5 12. Rhe1 b4 13. Nd5 exd5 14. exd5 Kf8 15. g4 h6 16. Bh4 Bb7 17. g5 hxg5 18. fxg5 Rxh4 19. Rxe7 Kxe7 20. gxf6+ Nxf6
21. Re1+ Kf8 22. Qf5 Qb6
0-1

[Event "GABIJ "]
[Site "SchemingMind.com"]
[Date "2024.01.06"]
[Round "-"]
[White "eliecercruzr"]
[Black "Phillip Beckett"]
[Result "1-0"]
[WhiteCountry "CUB"]
[BlackCountry "ENG"]
[WhiteElo "2292"]
[WhiteRD "59"]
[BlackElo "1499"]
[BlackRD "52"]
[GameID "741208"]

1. e4 e5 2. Nf3 Nc6 3. Bc4 Nf6 4. d3 Be7 5. h3 d6 6. a3 O-O 7. O-O Be6 8. Bxe6 fxe6 9. b4 Nd4 10. Nxd4 Qd7
11. Nf3 a5 12. bxa5 Rxa5 13. c4 c5 14. Nc3 Nh5 15. Qb3 Nf4 16. Bxf4 exf4 17. Rfb1 Rfa8 18. Qxb7 R5a7 19. Qxd7 Rxd7 20. e5 Rda7
21. Nb5 Ra4 22. exd6 Bd8 23. Nc7 Bxc7 24. dxc7 Rc8 25. Rb8 Ra8 26. Rab1 Kf7 27. Rxa8 Rxa8 28. Rb8
1-0

[Event "GABIJ "]
[Site "SchemingMind.com"]
[Date "2024.01.07"]
[Round "-"]
[White "JimM"]
[Black "JAHI"]
[Result "*"]
[WhiteCountry "USA"]
[BlackCountry "INT"]
[WhiteElo "1702"]
[WhiteRD "100"]
[BlackElo "2204"]
[BlackRD "80"]
[GameID "741209"]

1. e4 d6 2. d4 e6 3. Nf3 g6 4. Nc3 Bh6 5. h4 Bxc1 6. Qxc1 h6 7. Qe3 h5 8. Bd3 Nh6 9. Ng5 e5 10. dxe5 dxe5
11. O-O-O c6 12. Bc4 Qe7 13. Rd2 Kf8 14. Rhd1 Kg7 15. f4 f6 16. Nf3 Ng4 17. Qe1 exf4 18. Rd3 Ne3 19. Rxe3 fxe3 20. Qxe3 Bg4
*

[Event "GABIJ "]
[Site "SchemingMind.com"]
[Date "2024.01.11"]
[Round "-"]
[White "JAHI"]
[Black "JimM"]
[Result "*"]
[WhiteCountry "INT"]
[BlackCountry "USA"]
[WhiteElo "2204"]
[WhiteRD "80"]
[BlackElo "1702"]
[BlackRD "100"]
[GameID "741210"]

1. c3 e5 2. c4 Nf6 3. Nc3 Bb4 4. a3 Bxc3 5. dxc3 O-O 6. Bg5 d6 7. g3 c6 8. Bh3 Bxh3 9. Nxh3 Nbd7 10. Qxd6 h6
11. Bxf6 Qxf6 12. Qxd7 Rab8 13. Rd1 Qg6 14. f3 Qc2 15. Nf2 Qxb2 16. Ne4 Qxa3 17. Kf2 f5 18. Qe6+ Kh8 19. Ra1 Qb2 20. Rhb1
*

[Event "GABIJ "]
[Site "SchemingMind.com"]
[Date "2024.01.06"]
[Round "-"]
[White "JimM"]
[Black "eliecercruzr"]
[Result "*"]
[WhiteCountry "USA"]
[BlackCountry "CUB"]
[WhiteElo "1702"]
[WhiteRD "100"]
[BlackElo "2313"]
[BlackRD "60"]
[GameID "741211"]

1. c4 Nf6 2. g3 e5 3. d3 d5 4. Bg2 c6 5. Qc2 Bd6 6. Nf3 O-O 7. O-O h6 8. Nc3 d4 9. Ne4 Nxe4 10. dxe4 c5
11. Nh4 Re8 12. Nf5 Bf8 13. f4 g6 14. Nh4 exf4 15. Nf3 fxg3 16. hxg3 Bg7 17. Bf4 Nc6 18. Rad1 g5 19. Bc1 Qd6 20. Kh2 Bg4
21. e3 Qg6 22. exd4 Nxd4 23. Nxd4 Qh5+ 24. Kg1 Bxd1 25. Rxd1 Bxd4+ 26. Kf1
*

[Event "GABIJ "]
[Site "SchemingMind.com"]
[Date "2024.01.11"]
[Round "-"]
[White "eliecercruzr"]
[Black "JimM"]
[Result "*"]
[WhiteCountry "CUB"]
[BlackCountry "USA"]
[WhiteElo "2313"]
[WhiteRD "60"]
[BlackElo "1702"]
[BlackRD "100"]
[GameID "741212"]

1. e4 e5 2. Nf3 Nc6 3. Bc4 Nf6 4. d3 h6 5. c3 d6 6. Nbd2 a6 7. a4 Be7 8. O-O O-O 9. Re1 d5 10. exd5 Nxd5
11. Nxe5 Nxe5 12. Rxe5 Nf6 13. Ne4 Ng4 14. Rd5 Qe8 15. h3 Nf6 16. Re5 Nxe4 17. Rxe4 Qd8 18. Qh5 b6 19. Bxh6 gxh6 20. Qg6+ Kh8
21. Qxh6+ Kg8 22. Qg6+ Kh8 23. Qh6+ Kg8
*

[Event "GABIJ "]
[Site "SchemingMind.com"]
[Date "2024.01.08"]
[Round "-"]
[White "JAHI"]
[Black "eliecercruzr"]
[Result "*"]
[WhiteCountry "INT"]
[BlackCountry "CUB"]
[WhiteElo "2204"]
[WhiteRD "80"]
[BlackElo "2313"]
[BlackRD "60"]
[GameID "741213"]

1. c3 d5 2. d3 Nf6 3. d4 c5 4. g3 e6 5. Nf3 Nc6 6. a3 Bd6 7. Bf4 O-O 8. Bxd6 Qxd6 9. Nbd2 e5 10. dxe5 Nxe5
11. h3 Bf5 12. Nxe5 Qxe5 13. Bg2 Rae8 14. Kf1 Qe6 15. h4 Re7 16. Bf3 Rfe8 17. Kg2 h6 18. h5 Ne4 19. Rh4 Rd7 20. e3 Ng5
21. Bg4 Bxg4 22. Rxg4 Red8 23. Nb3 b6 24. Rf4 a5 25. a4 Qh3+ 26. Kg1 Rd6 27. Rc1 Qd7 28. Kg2 d4 29. cxd4 Qc6+ 30. Kh2 Qxa4
31. Nd2 Qb5 32. Qf1 Qxf1 33. Nxf1 cxd4 34. Kg2 Ne6 35. Rf5 f6 36. Rb1 d3 37. Rb5 Nc7 38. Rb3 Na6 39. Rd1 a4 40. Rc3 d2
41. g4 Nc5 42. Rc2 Nb3 43. Ng3 Rd5 44. Kf1 Rg5 45. f3 Rgd5 46. Rc7 R8d7 47. Rc8+ Kf7 48. Kf2 b5 49. Ne4 f5 50. Nc3 Rc5
51. Rxc5 Nxc5 52. Nxb5 Nd3+ 53. Ke2 Nxb2 54. Rxd2 Rxd2+ 55. Kxd2 fxg4 56. fxg4 Nc4+ 57. Kd3 Ne5+ 58. Kc2 Nxg4 59. Kb2 Nxe3 60. Nc3 Nc4+
61. Kb1 Nb6 62. Kb2 Kf6 63. Ne4+ Ke6 64. Nc5+ Kd5 65. Na6 Kd6 66. Ka3
*

[Event "GABIJ "]
[Site "SchemingMind.com"]
[Date "2024.01.07"]
[Round "-"]
[White "eliecercruzr"]
[Black "JAHI"]
[Result "1/2-1/2"]
[WhiteCountry "CUB"]
[BlackCountry "INT"]
[WhiteElo "2313"]
[WhiteRD "60"]
[BlackElo "2204"]
[BlackRD "80"]
[GameID "741214"]

1. e4 d6 2. d4 e6 3. Bd3 e5 4. c3 Nc6 5. Nf3 g6 6. O-O Bh6 7. Bxh6 Nxh6 8. Qd2 Ng4 9. h3 Nf6 10. Qh6 Qe7
11. d5 Nd8 12. Nbd2 Nh5 13. Bb5+ c6 14. Ba4 f6 15. Rfd1 Nf7 16. Qe3 Bd7 17. dxc6 Bxc6 18. Bxc6+ bxc6 19. b4 Kf8 20. a4 Kg7
21. Ne1 d5 22. Nb3 Rhd8 23. exd5 cxd5 24. b5 Nf4 25. Na5 Rd6 26. Nd3 Nxd3 27. Qxd3 Rc8 28. Nc6 Qd7 29. Qe3 a6 30. Rdb1 Ra8
31. Qd3 h6 32. c4 dxc4 33. Qxc4 h5 34. Qb3 e4 35. Qb4 Qe6 36. Qe1 axb5 37. axb5 Rxa1 38. Rxa1 Rd3 39. Rc1 e3 40. fxe3 Rxe3
41. Qf2 Ng5 42. Nd4 Qe5 43. Nc6 Qe6 44. Rf1 Rxh3 45. Nd4 Qd6 46. Qxf6+ Qxf6 47. Rxf6 Rd3 48. Rd6=
1/2-1/2